[Event "Bad Woerishofen Seniors op 39th"]
[Site "Bad Woerishofen"]
[Date "2024.03.10"]
[Round "3"]
[White "Heller, Achim"]
[Black "Pirrot, Dieter"]
[Result "1/2-1/2"]
[WhiteElo "2040"]
[BlackElo "2313"]
[PlyCount "68"]
[EventDate "2024.03.08"]
[EventType "swiss"]
[EventRounds "9"]
[EventCountry "GER"]
[SourceTitle "CB13_2024"]
[SourceDate "2024.03.27"]
[SourceVersion "1"]
[SourceVersionDate "2024.03.27"]
[SourceQuality "1"]

1. d4 e6 2. c4 f5 3. Nf3 Nf6 4. e3 b6 5. Be2 Bb7 6. 0-0 Be7 7. Nc3 0-0 8. b3 Ne4 9. Bb2 Bf6 10. b4 c5 11. bxc5 bxc5 12. Na4 Na6 13. Rb1 Rb8 14. Ba1 d6 15. a3 Bc6 16. Rxb8 Nxb8 17. Nc3 Qa5 18. Qc1 Nd7 19. Nxe4 fxe4 20. Nd2 cxd4 21. Nb3 Qa4 22. Nxd4 Nc5 23. Nxc6 Qxc6 24. Bxf6 Rxf6 25. Qb1 Rf8 26. Rd1 Qc7 27. Qb2 Qf7 28. Bf1 Rd8 29. Qb4 Qf6 30. h3 h6 31. Qb1 Qc3 32. Qb4 Qf6 33. Qb1 Qc3 34. Qb4 Qf6 1/2-1/2

[Event "Bad Woerishofen op 34th"]
[Site "Bad Woerishofen"]
[Date "2018.03.03"]
[Round "9"]
[White "Cebalo, Miso"]
[Black "Heller, Achim"]
[Result "1/2-1/2"]
[WhiteElo "2287"]
[BlackElo "2092"]
[PlyCount "66"]
[EventDate "2018.02.23"]
[EventType "swiss"]
[EventRounds "9"]
[EventCountry "GER"]
[SourceTitle "EXT 2019"]
[Source "ChessBase"]
[SourceDate "2018.10.10"]
[SourceVersion "1"]
[SourceVersionDate "2018.10.10"]
[SourceQuality "1"]

1. d4 d5 2. Nf3 Nf6 3. c4 c6 4. Nc3 dxc4 5. a4 Bf5 6. Ne5 Nbd7 7. Nxc4 Nb6 8. Ne5 a5 9. f3 Nfd7 10. Nxd7 Nxd7 11. e4 Bg6 12. Be3 e6 13. Bc4 Bb4 14. 0-0 0-0 15. Qe2 Qe7 16. Bf2 f6 17. Rfd1 Bf7 18. Rac1 Rfd8 19. Qc2 e5 20. Bxf7+ Kxf7 21. Qb3+ Kf8 22. d5 Rab8 23. Na2 Bd6 24. Qc3 cxd5 25. Rxd5 b6 26. Qc6 Bc5 27. Rcd1 Bxf2+ 28. Kxf2 Nc5 29. Nc3 Rxd5 30. Rxd5 Qe8 31. Qd6+ Kg8 32. Nb5 Qf8 33. Qc7 Qc8 1/2-1/2

[Event "Bad Woerishofen op 34th"]
[Site "Bad Woerishofen"]
[Date "2018.03.02"]
[Round "8"]
[White "Mainka, Romuald"]
[Black "Heller, Achim"]
[Result "1-0"]
[WhiteElo "2411"]
[BlackElo "2092"]
[PlyCount "75"]
[EventDate "2018.02.23"]
[EventType "swiss"]
[EventRounds "9"]
[EventCountry "GER"]
[SourceTitle "CBM 183 Extra"]
[Source "ChessBase"]
[SourceDate "2018.04.19"]
[SourceVersion "1"]
[SourceVersionDate "2018.04.19"]
[SourceQuality "1"]

1. e4 c6 2. d4 d5 3. e5 Bf5 4. Nd2 e6 5. Nb3 Nd7 6. Nf3 Ne7 7. Be2 Nc8 8. 0-0 Be7 9. Ne1 0-0 10. Bd3 Bxd3 11. Nxd3 Qc7 12. Qg4 Kh8 13. Be3 b6 14. Nd2 c5 15. c3 Bd8 16. Rac1 c4 17. Nf4 Ne7 18. Nf3 Qc6 19. Rfe1 Nf5 20. Bd2 Re8 21. Qh5 Kg8 22. g4 g6 23. Qh3 Ng7 24. Qh6 Nf8 25. Nh3 a5 26. Bg5 Bxg5 27. Nfxg5 b5 28. Re3 Re7 29. Rce1 Rb7 30. Rf3 b4 31. Nf4 bxc3 32. bxc3 Rab8 33. Rh3 Ne8 34. Nxh7 Nxh7 35. Qxh7+ Kf8 36. Nxg6+ fxg6 37. Rf3+ Nf6 38. Rxf6+ 1-0

[Event "Bad Woerishofen op 34th"]
[Site "Bad Woerishofen"]
[Date "2018.03.01"]
[Round "7"]
[White "Heller, Achim"]
[Black "Ivanov, Mikhail M"]
[Result "0-1"]
[WhiteElo "2092"]
[BlackElo "2356"]
[PlyCount "97"]
[EventDate "2018.02.23"]
[EventType "swiss"]
[EventRounds "9"]
[EventCountry "GER"]
[SourceTitle "CBM 183 Extra"]
[Source "ChessBase"]
[SourceDate "2018.04.19"]
[SourceVersion "1"]
[SourceVersionDate "2018.04.19"]
[SourceQuality "1"]

1. d4 Nf6 2. c4 e6 3. Nc3 Bb4 4. Qc2 b6 5. e4 c5 6. e5 cxd4 7. a3 Bxc3+ 8. bxc3 d3 9. Bxd3 Ng8 10. Nf3 Qc7 11. Bf4 Ne7 12. 0-0 Ng6 13. Bg3 Nc6 14. Rfe1 Ba6 15. Nd4 Na5 16. Nb5 Bxb5 17. cxb5 Rc8 18. c4 Ne7 19. Rac1 Qc5 20. Re3 h6 21. Rf3 g6 22. Bh4 Nf5 23. Bxf5 gxf5 24. Bf6 Rg8 25. h3 Rg6 26. Rc3 d6 27. Rd1 d5 28. h4 Nxc4 29. h5 Rg4 30. Qc1 Kd7 31. Rdd3 f4 32. Kf1 Qxb5 33. Kg1 Rcg8 34. g3 fxg3 35. Rxg3 Qc5 36. Kg2 Qd4 37. Qc2 Rxg3+ 38. Rxg3 Rxg3+ 39. Kxg3 Nxe5 40. Qe2 Qd3+ 41. Qxd3 Nxd3 42. Bg7 Ke7 43. Bxh6 Kf6 44. Be3 Kf5 45. f4 Nc5 46. Bd4 Nd7 47. Kh4 Kxf4 48. h6 Nf8 49. Kh5 0-1

[Event "Bad Woerishofen op 34th"]
[Site "Bad Woerishofen"]
[Date "2018.02.25"]
[Round "4"]
[White "Heller, Achim"]
[Black "Herold, Gunther"]
[Result "1-0"]
[WhiteElo "2092"]
[BlackElo "1949"]
[PlyCount "41"]
[EventDate "2018.02.23"]
[EventType "swiss"]
[EventRounds "9"]
[EventCountry "GER"]
[SourceTitle "CBM 183 Extra"]
[Source "ChessBase"]
[SourceDate "2018.04.19"]
[SourceVersion "1"]
[SourceVersionDate "2018.04.19"]
[SourceQuality "1"]

1. d4 Nf6 2. c4 e5 3. dxe5 Ng4 4. Nf3 Bc5 5. e3 Nc6 6. Be2 Ngxe5 7. Nxe5 Nxe5 8. 0-0 0-0 9. Nc3 Re8 10. b3 a5 11. Bb2 Ra6 12. Ne4 Ba7 13. Qd5 Rae6 14. Qxa5 Bb6 15. Qc3 Rh6 16. g3 f6 17. c5 d5 18. cxb6 dxe4 19. Rfd1 Qe7 20. Qxc7 Qe6 21. Bc4 1-0

[Event "Bad Woerishofen op 34th"]
[Site "Bad Woerishofen"]
[Date "2018.02.24"]
[Round "2"]
[White "Heller, Achim"]
[Black "De Francesco, Klaus"]
[Result "1-0"]
[WhiteElo "2092"]
[BlackElo "2325"]
[PlyCount "103"]
[EventDate "2018.02.23"]
[EventType "swiss"]
[EventRounds "9"]
[EventCountry "GER"]
[SourceTitle "CBM 183 Extra"]
[Source "ChessBase"]
[SourceDate "2018.04.19"]
[SourceVersion "1"]
[SourceVersionDate "2018.04.19"]
[SourceQuality "1"]

1. d4 e6 2. c4 f5 3. g3 Nf6 4. Bg2 Bb4+ 5. Bd2 Qe7 6. Nf3 Ne4 7. 0-0 0-0 8. a3 Bxd2 9. Nfxd2 Nxd2 10. Qxd2 d6 11. e3 e5 12. f4 e4 13. Nc3 Be6 14. d5 Bf7 15. Ne2 c6 16. dxc6 bxc6 17. Rac1 Bh5 18. Nd4 Kh8 19. Bh3 Bg4 20. Bxg4 fxg4 21. f5 Qe5 22. Rcd1 Nd7 23. Ne6 Rxf5 24. Rxf5 Qxf5 25. Qxd6 Nf6 26. Qe7 Qg6 27. Nd8 h5 28. Qb7 Rxd8 29. Rxd8+ Kh7 30. Qb8 Qf5 31. Qf4 Qa5 32. Rd1 Kg6 33. Qf1 Qc5 34. Qe2 a5 35. Rd4 Qe5 36. b4 c5 37. bxc5 Qxc5 38. Qb2 Qg5 39. Qd2 Qc5 40. Qc3 Kg5 41. Rd1 Kh6 42. a4 Kg5 43. Qd4 Qa3 44. c5 Qa2 45. Rc1 h4 46. gxh4+ Kh5 47. Qe5+ Kxh4 48. Qg3+ Kh5 49. c6 Qb2 50. Rc5+ g5 51. c7 Qb1+ 52. Kg2 1-0

[Event "NRW Class2 1718"]
[Site "Germany"]
[Date "2018.01.28"]
[Round "5.4"]
[White "Heller, Achim"]
[Black "Varitski, Igor"]
[Result "0-1"]
[WhiteElo "2055"]
[BlackElo "2220"]
[PlyCount "108"]
[EventDate "2017.09.17"]
[EventType "team-tourn"]
[EventRounds "9"]
[EventCountry "GER"]
[SourceTitle "EXT 2019"]
[Source "ChessBase"]
[SourceDate "2018.10.10"]
[SourceVersion "1"]
[SourceVersionDate "2018.10.10"]
[SourceQuality "1"]
[WhiteTeam "Ennepe Ruhr Sued"]
[BlackTeam "Siegburg"]
[WhiteTeamCountry "GER"]
[BlackTeamCountry "GER"]

1. d4 e6 2. c4 f5 3. g3 Nf6 4. Bg2 c6 5. Nf3 d5 6. 0-0 Bd6 7. b3 Qe7 8. a4 a5 9. Ba3 Bxa3 10. Nxa3 b6 11. Nc2 Na6 12. Nce1 Bb7 13. Nd3 0-0 14. Rc1 c5 15. cxd5 exd5 16. e3 Rac8 17. Nfe5 Rfd8 18. Re1 Ne4 19. h4 Nb4 20. Nf4 Ba6 21. Qh5 Qf6 22. Bh3 g6 23. Qd1 Na2 24. Rc2 Nb4 25. Rc1 cxd4 26. Rxc8 Bxc8 27. exd4 Ba6 28. Bf1 Bxf1 29. Rxf1 Rc8 30. Qe2 g5 31. hxg5 Qxg5 32. Qb5 Qd8 33. Qe2 Qe8 34. Nh5 Kh8 35. Qf3 Qe6 36. Nf4 Qe8 37. Re1 Nc2 38. Qh1 Nxe1 39. Qh6 Rc7 40. Nxd5 Rg7 41. Qc1 Qg8 42. Kf1 Qxd5 43. Qc8+ Qg8 44. Qxf5 Nd6 45. Qf6 Nf7 46. Kxe1 Nxe5 47. dxe5 Qf7 48. Qd8+ Rg8 49. Qxb6 Qf3 50. Qd4 Rc8 51. e6+ Kg8 52. Kd2 Re8 53. Qb6 Qd5+ 54. Kc2 Rc8+ 0-1

[Event "NRW Class2 1718"]
[Site "Germany"]
[Date "2017.11.19"]
[Round "3.6"]
[White "Heller, Achim"]
[Black "Gruermann, Martin"]
[Result "0-1"]
[WhiteElo "2055"]
[BlackElo "2201"]
[PlyCount "104"]
[EventDate "2017.09.17"]
[EventType "team-tourn"]
[EventRounds "9"]
[EventCountry "GER"]
[SourceTitle "EXT 2019"]
[Source "ChessBase"]
[SourceDate "2018.10.10"]
[SourceVersion "1"]
[SourceVersionDate "2018.10.10"]
[SourceQuality "1"]
[WhiteTeam "Ennepe Ruhr Sued"]
[BlackTeam "Letmathe"]
[WhiteTeamCountry "GER"]
[BlackTeamCountry "GER"]

1. d4 d5 2. c4 Nc6 3. Nc3 Nf6 4. Nf3 Bg4 5. cxd5 Bxf3 6. gxf3 Nxd5 7. e4 Nxc3 8. bxc3 e5 9. Rb1 Bd6 10. Rxb7 0-0 11. Qa4 Ne7 12. Bc4 Nc8 13. Bd5 Nb6 14. Rxb6 axb6 15. Bxa8 Qxa8 16. Qb3 Qa6 17. d5 Ra8 18. Be3 Qd3 19. Qb2 Ra3 20. Qe2 Qxc3+ 21. Kf1 Qa5 22. Kg2 Rxa2 23. Qc4 Qa4 24. Qc3 Qa3 25. Qc4 b5 26. Qc1 Qa4 27. Rg1 Qc2 28. Qf1 Qe2 29. Qxe2 Rxe2 30. Rb1 b4 31. f4 f6 32. fxe5 fxe5 33. Kf3 Rc2 34. Rb3 Kf7 35. h3 Ke7 36. Kg4 Kd7 37. Kf5 Rc4 38. f3 Rc3 39. Rxc3 bxc3 40. Bc1 Ke7 41. h4 g6+ 42. Kg5 Kf7 43. Kg4 h5+ 44. Kg3 Ke8 45. Kf2 Kd7 46. Kg3 Be7 47. f4 exf4+ 48. Kxf4 Bxh4 49. e5 Be1 50. e6+ Ke8 51. Ba3 Bd2+ 52. Ke5 c2 0-1

[Event "NRW Class2 1718"]
[Site "Germany"]
[Date "2017.10.15"]
[Round "2.5"]
[White "Heller, Achim"]
[Black "Kettler, Ilija Jonas"]
[Result "1-0"]
[WhiteElo "2055"]
[BlackElo "2063"]
[PlyCount "82"]
[EventDate "2017.09.17"]
[EventType "team-tourn"]
[EventRounds "9"]
[EventCountry "GER"]
[SourceTitle "EXT 2019"]
[Source "ChessBase"]
[SourceDate "2018.10.10"]
[SourceVersion "1"]
[SourceVersionDate "2018.10.10"]
[SourceQuality "1"]
[WhiteTeam "Ennepe Ruhr Sued"]
[BlackTeam "Lippstadt Turm"]
[WhiteTeamCountry "GER"]
[BlackTeamCountry "GER"]

1. d4 d5 2. c4 dxc4 3. Nf3 Nf6 4. e3 Bg4 5. Bxc4 e6 6. h3 Bh5 7. 0-0 Bd6 8. Nc3 Nc6 9. Be2 a6 10. e4 Bxf3 11. gxf3 Nxd4 12. f4 e5 13. fxe5 Bxe5 14. f4 Nxe2+ 15. Nxe2 Qxd1 16. Rxd1 Bd6 17. Nc3 0-0-0 18. Be3 Bb4 19. e5 Bxc3 20. bxc3 Nd5 21. Bd2 Rd7 22. c4 Nb6 23. c5 Rhd8 24. cxb6 Rxd2 25. Re1 c6 26. f5 Kd7 27. Re3 Ke7 28. f6+ Ke6 29. fxg7 Rg8 30. Rg3 Rb2 31. Rf1 Rxa2 32. Rf6+ Ke7 33. Rh6 Rd8 34. Rf3 Ra1+ 35. Rf1 Rxf1+ 36. Kxf1 Rg8 37. Rxh7 f6 38. h4 fxe5 39. h5 Kf7 40. h6 Rd8 41. Rh8 Rd1+ 1-0

[Event "Dortmund Sparkassen op-A 45th"]
[Site "Dortmund"]
[Date "2017.07.23"]
[Round "9"]
[White "Heller, Achim"]
[Black "Groneberg, Joerg"]
[Result "0-1"]
[WhiteElo "2118"]
[BlackElo "1973"]
[PlyCount "108"]
[EventDate "2017.07.15"]
[EventType "swiss"]
[EventRounds "9"]
[EventCountry "GER"]
[SourceTitle "CBM 179 Extra"]
[Source "ChessBase"]
[SourceDate "2017.08.23"]
[SourceVersion "1"]
[SourceVersionDate "2017.08.23"]
[SourceQuality "1"]

1. d4 Nf6 2. c4 g6 3. Nc3 Bg7 4. e4 d6 5. f4 0-0 6. Nf3 c5 7. d5 e6 8. Be2 exd5 9. exd5 Re8 10. 0-0 Bf5 11. Bd3 Ne4 12. Nxe4 Bxe4 13. Bxe4 Rxe4 14. Ng5 Rxc4 15. Qe2 Rb4 16. f5 Nd7 17. Nxf7 Qe8 18. Qxe8+ Rxe8 19. fxg6 hxg6 20. Rb1 Bd4+ 21. Kh1 Nf6 22. Nxd6 Re2 23. a3 Rb3 24. Bf4 Nxd5 25. Bh6 Rexb2 26. Rxb2 Rxb2 27. h4 Nf6 28. Bg5 Ng4 29. Re1 Ne5 30. Bf6 Rb6 31. Bxe5 Bxe5 32. Nc4 Bg3 33. Rd1 Rb3 34. Na5 Rb2 35. Kg1 b6 36. Nc6 a6 37. Kf1 Rf2+ 38. Kg1 Ra2 39. Kf1 Rxa3 40. Ke2 Bxh4 41. Rd7 Bf6 42. Rb7 b5 43. Nb8 b4 44. Rb6 Kf7 45. Nxa6 Be7 46. g4 Rg3 47. Rb5 Rxg4 48. Kf3 Rc4 49. Rb7 Ke6 50. Rb6+ Kf5 51. Rb7 Rc3+ 52. Ke2 Bf6 53. Rb5 Bd4 54. Nxb4 Rb3 0-1

[Event "Dortmund Sparkassen op-A 45th"]
[Site "Dortmund"]
[Date "2017.07.20"]
[Round "6"]
[White "Finke, Dominik"]
[Black "Heller, Achim"]
[Result "1-0"]
[WhiteElo "1987"]
[BlackElo "2118"]
[PlyCount "81"]
[EventDate "2017.07.15"]
[EventType "swiss"]
[EventRounds "9"]
[EventCountry "GER"]
[SourceTitle "CBM 179 Extra"]
[Source "ChessBase"]
[SourceDate "2017.08.23"]
[SourceVersion "1"]
[SourceVersionDate "2017.08.23"]
[SourceQuality "1"]

1. e4 c6 2. d4 d5 3. Nd2 dxe4 4. Nxe4 Bf5 5. Ng3 Bg6 6. h4 h6 7. Nf3 e6 8. Ne5 Bh7 9. Bd3 Bxd3 10. Qxd3 Nd7 11. Bf4 Ngf6 12. 0-0-0 Nxe5 13. Bxe5 Be7 14. c4 0-0 15. Ne4 b5 16. Nxf6+ Bxf6 17. cxb5 Bxe5 18. dxe5 Qb6 19. bxc6 Rab8 20. Qc2 Rfc8 21. Rd6 g6 22. Kb1 Rc7 23. Rc1 Rbc8 24. Qc5 Qa6 25. Rc4 Kg7 26. b3 Kg8 27. Kb2 Kg7 28. a4 Rb8 29. Ka3 Qc8 30. b4 a6 31. Kb3 Qe8 32. b5 axb5 33. axb5 Qc8 34. Ra4 Rcb7 35. Rb4 Rb6 36. Rd7 Qf8 37. Kc4 Qe8 38. Qd6 Ra8 39. Kc5 Rbb8 40. Qe7 Qg8 41. Qf6+ 1-0

[Event "Dortmund Sparkassen op-A 45th"]
[Site "Dortmund"]
[Date "2017.07.16"]
[Round "2"]
[White "Heller, Achim"]
[Black "Heider, Martin"]
[Result "0-1"]
[WhiteElo "2118"]
[BlackElo "2356"]
[PlyCount "34"]
[EventDate "2017.07.15"]
[EventType "swiss"]
[EventRounds "9"]
[EventCountry "GER"]
[SourceTitle "CBM 179 Extra"]
[Source "ChessBase"]
[SourceDate "2017.08.23"]
[SourceVersion "1"]
[SourceVersionDate "2017.08.23"]
[SourceQuality "1"]

1. d4 Nf6 2. c4 c5 3. d5 e6 4. Nc3 exd5 5. cxd5 d6 6. Nf3 g6 7. Bf4 a6 8. Nd2 b5 9. a4 Nh5 10. Be3 f5 11. g4 f4 12. gxh5 fxe3 13. Nf3 Bh6 14. h4 0-0 15. Ne4 Bf5 16. Neg5 Qa5+ 17. Nd2 exf2+ 0-1

[Event "Oberliga NRW 1617"]
[Site "Germany"]
[Date "2017.05.21"]
[Round "9.3"]
[White "Heller, Achim"]
[Black "Skulener, Wladimir"]
[Result "0-1"]
[WhiteElo "2135"]
[BlackElo "2388"]
[PlyCount "112"]
[EventDate "2016.09.25"]
[EventType "team-tourn"]
[EventRounds "9"]
[EventCountry "GER"]
[SourceTitle "EXT 2020"]
[Source "ChessBase"]
[SourceDate "2019.10.17"]
[SourceVersion "1"]
[SourceVersionDate "2019.10.17"]
[SourceQuality "1"]
[WhiteTeam "Ennepe Ruhr Sued"]
[BlackTeam "Aachen Aufwaerts II"]
[WhiteTeamCountry "GER"]
[BlackTeamCountry "GER"]

1. d4 f5 2. g3 Nf6 3. Bg2 g6 4. Nf3 Bg7 5. c4 0-0 6. 0-0 d6 7. Nc3 c6 8. d5 e5 9. dxe6 Bxe6 10. Qd3 Na6 11. Bf4 Qa5 12. a3 Nc5 13. Qc2 Nce4 14. Nxe4 Nxe4 15. Ng5 Nxg5 16. Bxg5 Qc7 17. Rad1 Qf7 18. Bf4 Bxc4 19. Rxd6 Rad8 20. Rc1 Bb3 21. Qc5 Rxd6 22. Bxd6 Re8 23. Bf3 a6 24. Qb4 Rd8 25. Bc5 Bf6 26. e3 Rd7 27. Rb1 Ba2 28. Ra1 Qb3 29. Be2 Qxb4 30. Bxb4 Bd5 31. Bc3 Bxc3 32. bxc3 Bb3 33. Rb1 Bc2 34. Rb2 Bd1 35. Kf1 Kf7 36. Bxd1 Rxd1+ 37. Ke2 Rd7 38. a4 b5 39. Ra2 Ke6 40. axb5 axb5 41. h4 Kd6 42. Rd2+ Kc7 43. Rd4 c5 44. Rf4 Kd6 45. f3 Ra7 46. h5 Ra2+ 47. Kd1 Rf2 48. hxg6 hxg6 49. g4 Ke5 50. gxf5 gxf5 51. Rh4 Rxf3 52. Ke2 Rg3 53. Rh8 Rg2+ 54. Kf3 Rb2 55. Rh4 Rb3 56. c4 Rb4 0-1

[Event "Oberliga NRW 1617"]
[Site "Germany"]
[Date "2017.03.26"]
[Round "8.5"]
[White "Zuse, Peter"]
[Black "Heller, Achim"]
[Result "1/2-1/2"]
[WhiteElo "2191"]
[BlackElo "2135"]
[PlyCount "52"]
[EventDate "2016.09.25"]
[EventType "team-tourn"]
[EventRounds "9"]
[EventCountry "GER"]
[SourceTitle "EXT 2020"]
[Source "ChessBase"]
[SourceDate "2019.10.17"]
[SourceVersion "1"]
[SourceVersionDate "2019.10.17"]
[SourceQuality "1"]
[WhiteTeam "Koeln SF"]
[BlackTeam "Ennepe Ruhr Sued"]
[WhiteTeamCountry "GER"]
[BlackTeamCountry "GER"]

1. e4 c6 2. Nc3 d5 3. Nf3 Bg4 4. h3 Bxf3 5. Qxf3 e6 6. b3 Nf6 7. Bb2 Bb4 8. exd5 exd5 9. a3 Bd6 10. Qe2+ Be7 11. Qd1 0-0 12. Be2 Nbd7 13. 0-0 Nc5 14. Bf3 Re8 15. Ne2 Nce4 16. g3 Bc5 17. d3 Ng5 18. Bg2 Ne6 19. Qd2 Be7 20. Nd4 Nxd4 21. Bxd4 Nd7 22. Rfe1 Bf6 23. Rxe8+ Qxe8 24. Re1 Qf8 25. Bxf6 Nxf6 26. b4 Re8 1/2-1/2

[Event "Oberliga NRW 1617"]
[Site "Germany"]
[Date "2017.03.05"]
[Round "7.5"]
[White "Heller, Achim"]
[Black "Fieberg, Samuel"]
[Result "1/2-1/2"]
[WhiteElo "2135"]
[BlackElo "2177"]
[PlyCount "86"]
[EventDate "2016.09.25"]
[EventType "team-tourn"]
[EventRounds "9"]
[EventCountry "GER"]
[SourceTitle "EXT 2020"]
[Source "ChessBase"]
[SourceDate "2019.10.17"]
[SourceVersion "1"]
[SourceVersionDate "2019.10.17"]
[SourceQuality "1"]
[WhiteTeam "Ennepe Ruhr Sued"]
[BlackTeam "Koeln Porz II"]
[WhiteTeamCountry "GER"]
[BlackTeamCountry "GER"]

1. d4 d5 2. c4 c6 3. cxd5 cxd5 4. Nc3 Nf6 5. Nf3 Nc6 6. Bf4 e6 7. e3 Be7 8. Bd3 0-0 9. Ne5 Nxe5 10. Bxe5 Bd7 11. 0-0 Bc6 12. Rc1 Ne4 13. f3 Nd6 14. Bxd6 Qxd6 15. f4 a6 16. Qh5 f5 17. g4 b5 18. Rf2 g6 19. Qh6 Rf7 20. Rfc2 Bf8 21. Qh3 Rc7 22. Nb1 Rac8 23. Qg2 Bd7 24. gxf5 Rxc2 25. Rxc2 exf5 26. Rxc8 Bxc8 27. Qc2 Bd7 28. Nd2 Qc6 29. Qxc6 Bxc6 30. Nf3 Kg7 31. Ne5 Be8 32. a4 Kf6 33. axb5 axb5 34. Bc2 Ke6 35. Kf2 Be7 36. Nf3 h6 37. h4 b4 38. Bd3 Ba4 39. Ke2 Bb3 40. Kd2 Ba4 41. Bc2 Bb5 42. Bd3 Ba4 43. Bc2 Bb5 1/2-1/2

[Event "Oberliga NRW 1617"]
[Site "Germany"]
[Date "2016.09.25"]
[Round "1.5"]
[White "Stenzel, Thomas"]
[Black "Heller, Achim"]
[Result "1-0"]
[WhiteElo "2189"]
[BlackElo "2135"]
[PlyCount "75"]
[EventDate "2016.09.25"]
[EventType "team-tourn"]
[EventRounds "9"]
[EventCountry "GER"]
[SourceTitle "EXT 2020"]
[Source "ChessBase"]
[SourceDate "2019.10.17"]
[SourceVersion "1"]
[SourceVersionDate "2019.10.17"]
[SourceQuality "1"]
[WhiteTeam "Godesberg"]
[BlackTeam "Ennepe Ruhr Sued"]
[WhiteTeamCountry "GER"]
[BlackTeamCountry "GER"]

1. e4 c6 2. d4 d5 3. e5 Bf5 4. h4 h5 5. c4 e6 6. Nc3 Nd7 7. Nge2 dxc4 8. Ng3 Bg6 9. Bxc4 Be7 10. Be2 Bxh4 11. Nxh5 Bxh5 12. Bxh5 g6 13. Bf3 Bf6 14. Rxh8 Bxh8 15. Ne4 Kf8 16. Qb3 c5 17. Qa3 Qe7 18. Bg5 f6 19. exf6 Ngxf6 20. dxc5 Rc8 21. Rc1 b6 22. Qxa7 Nxc5 23. Qxe7+ Kxe7 24. Ke2 Rb8 25. b4 Ncxe4 26. Bxe4 Kd6 27. Rd1+ Ke5 28. Bxg6 Nd5 29. Re1 Rg8 30. f4+ Kd4 31. Rd1+ Kc4 32. Bd3+ Kxb4 33. Kf3 Ra8 34. Rb1+ Kc5 35. Rc1+ Kd4 36. Be2 Ra3+ 37. Kf2 Rxa2 38. Rc4# 1-0

[Event "NRW Class1 1415"]
[Site "Germany"]
[Date "2015.01.11"]
[Round "5.6"]
[White "Nissen, Claus"]
[Black "Heller, Achim"]
[Result "1-0"]
[WhiteElo "2116"]
[BlackElo "1940"]
[PlyCount "111"]
[EventDate "2014.09.14"]
[EventType "team-tourn"]
[EventRounds "9"]
[EventCountry "GER"]
[SourceTitle "EXT 2017"]
[Source "ChessBase"]
[SourceDate "2016.10.25"]
[SourceVersion "1"]
[SourceVersionDate "2016.10.25"]
[SourceQuality "1"]
[WhiteTeam "Oberhausen"]
[BlackTeam "Ennepe Ruhr Sued"]
[WhiteTeamCountry "GER"]
[BlackTeamCountry "GER"]

1. d4 d5 2. c4 c6 3. Nc3 Nf6 4. Nf3 dxc4 5. Ne5 b5 6. a4 b4 7. Na2 e6 8. e3 Bb7 9. Bxc4 Nbd7 10. f4 Nxe5 11. fxe5 Ne4 12. Qg4 f5 13. exf6 Nxf6 14. Qxe6+ Qe7 15. 0-0 Qxe6 16. Bxe6 a5 17. Bd2 Bd6 18. Nc1 Ke7 19. Bc4 Rhf8 20. Nb3 Ne4 21. Rxf8 Rxf8 22. Be1 Ra8 23. Bd3 c5 24. Bh4+ Ke6 25. Rc1 cxd4 26. exd4 g5 27. Re1 gxh4 28. Bxe4 Bxe4 29. Rxe4+ Kd5 30. Rxh4 Kc4 31. Rh3 Bc7 32. Nd2+ Kxd4 33. Rxh7 Rc8 34. Rd7+ Ke3 35. Nc4+ Ke2 36. b3 Bb6+ 37. Kh1 Rf8 38. g3 Bd8 39. Kg2 Rf2+ 40. Kh3 Rf8 41. Kg4 Rg8+ 42. Kf5 Kf3 43. Ne5+ Kg2 44. Rd2+ Kh3 45. Ng6 Bc7 46. Rd7 Bb8 47. Rh7+ Kg2 48. Rh8 Rxh8 49. Nxh8 Kxh2 50. g4 Kg3 51. g5 Ba7 52. Nf7 Bc5 53. g6 Bf8 54. Ne5 Kf2 55. Kf6 Ke3 56. Kf7 1-0

[Event "NRW Class1 1112"]
[Site "Germany"]
[Date "2012.03.25"]
[Round "8.6"]
[White "Heller, Achim"]
[Black "Essing, Arnold"]
[Result "1/2-1/2"]
[WhiteElo "2001"]
[BlackElo "2179"]
[PlyCount "39"]
[EventDate "2011.09.18"]
[EventType "team-tourn"]
[EventRounds "9"]
[EventCountry "GER"]
[SourceTitle "EXT 2015"]
[Source "ChessBase"]
[SourceDate "2014.11.20"]
[SourceVersion "1"]
[SourceVersionDate "2014.11.20"]
[SourceQuality "1"]
[WhiteTeam "Ennepe Ruhr Sued"]
[BlackTeam "Neuenkirchen"]
[WhiteTeamCountry "GER"]
[BlackTeamCountry "GER"]

1. d4 d5 2. c4 e6 3. cxd5 exd5 4. Nc3 Nf6 5. Bg5 Nbd7 6. e3 Be7 7. Bd3 0-0 8. Nf3 c6 9. Qc2 Re8 10. 0-0 Nf8 11. Rab1 Ne4 12. Bxe7 Qxe7 13. b4 Nxc3 14. Qxc3 Be6 15. Rfc1 Nd7 16. b5 Rec8 17. Qd2 c5 18. dxc5 Nxc5 19. Nd4 Qd6 20. Qb4 1/2-1/2

[Event "Moehnesee Cup-A 37th"]
[Site "Moehnesee"]
[Date "2011.09.04"]
[Round "6"]
[White "Heller, Achim"]
[Black "Steinle, Carsten"]
[Result "1-0"]
[WhiteElo "2035"]
[BlackElo "2146"]
[PlyCount "93"]
[EventDate "2011.09.01"]
[EventType "swiss"]
[EventRounds "7"]
[EventCountry "GER"]
[SourceTitle "EXT 2013"]
[Source "ChessBase"]
[SourceDate "2012.11.22"]
[SourceVersion "1"]
[SourceVersionDate "2012.11.22"]
[SourceQuality "1"]

1. d4 Nf6 2. c4 b6 3. Nc3 Bb7 4. d5 e6 5. a3 exd5 6. cxd5 Bc5 7. Nf3 h6 8. e3 0-0 9. Bc4 c6 10. d6 b5 11. Ba2 a5 12. 0-0 Na6 13. Ne5 Qb8 14. Ng6 Bxd6 15. Nxf8 Kxf8 16. e4 Nc5 17. b4 axb4 18. axb4 Bxh2+ 19. Kh1 Be5 20. bxc5 Bxc3 21. Qb3 Rxa2 22. Rxa2 b4 23. Bd2 Ng4 24. f4 Ba6 25. Rf3 Qd8 26. Bxc3 bxc3 27. Qxc3 Qh4+ 28. Rh3 Nf2+ 29. Rxf2 Qxf2 30. Rf3 Qe2 31. Qe5 Qd1+ 32. Kh2 f6 33. Qb8+ Kf7 34. Qa7 Bc4 35. Qa3 Qe1 36. Qe3 Qb4 37. Qd4 Qb5 38. Qxd7+ Kf8 39. Ra3 Qb8 40. Qd6+ Qxd6 41. cxd6 Ke8 42. Ra7 g5 43. Re7+ Kd8 44. Rc7 gxf4 45. Rxc6 Bd3 46. d7 Bxe4 47. Rxf6 1-0

[Event "Moehnesee Cup 36th"]
[Site "Moehnesee"]
[Date "2010.08.29"]
[Round "6"]
[White "Messarius, Juergen"]
[Black "Heller, Achim"]
[Result "1-0"]
[WhiteElo "2279"]
[BlackElo "2067"]
[PlyCount "75"]
[EventDate "2010.08.26"]
[EventType "swiss"]
[EventRounds "7"]
[EventCountry "GER"]
[SourceTitle "EXT 2011"]
[Source "ChessBase"]
[SourceDate "2010.11.26"]
[SourceVersion "1"]
[SourceVersionDate "2010.11.26"]
[SourceQuality "1"]

1. e4 c6 2. d4 d5 3. Nc3 dxe4 4. Nxe4 Bf5 5. Ng3 Bg6 6. Bc4 Nd7 7. N1e2 Nb6 8. Bb3 Nf6 9. h4 h6 10. Nf4 Bh7 11. c3 e6 12. Qe2 Nbd5 13. Nd3 Bd6 14. Ne5 Qe7 15. a3 Nd7 16. Bd2 0-0-0 17. Nxd7 Qxd7 18. 0-0 Nf4 19. Bxf4 Bxf4 20. Ne4 g5 21. h5 Qe7 22. a4 Rhe8 23. Rfe1 Bc7 24. a5 a6 25. Nc5 Bd6 26. Na4 Kb8 27. Bc4 Ka7 28. b4 g4 29. g3 Qg5 30. Nc5 Bxc5 31. bxc5 e5 32. Qb2 exd4 33. Rxe8 Rxe8 34. Bxa6 Qe7 35. Qb6+ Ka8 36. Bf1 d3 37. a6 Kb8 38. Re1 1-0